Challenges of Common Agricultural Policy of European Union After 2020
Spoločná poľnohospodárska politika Európskej únie (SPP EÚ) ako najdôležitejšia, najrozsiahlejšia a zároveň najkontroverznejšia politika Európskej únie. Spôsob a princíp financovania SPP EÚ. Finančná podpora a ekologizácia poľnohospodárstva. Reformy spoločnej poľnohospodárskej politiky EÚ.
Enregistré dans:
| Auteur principal: | |
|---|---|
| Format: | Chapitre de livre |
| Langue: | anglais |
| Sujets: | |
| Tags: |
Pas de tags, Soyez le premier à ajouter un tag!
|
MARC
| LEADER | 00000naa$a2200000$$$4500 | ||
|---|---|---|---|
| 001 | 0280622 | ||
| 005 | 20240502083855.8 | ||
| 041 | 0 | |a eng | |
| 044 | |a UA | ||
| 245 | 1 | 0 | |a Challenges of Common Agricultural Policy of European Union After 2020 |c Ľubica Harakaľová |
| 520 | |a Spoločná poľnohospodárska politika Európskej únie (SPP EÚ) ako najdôležitejšia, najrozsiahlejšia a zároveň najkontroverznejšia politika Európskej únie. Spôsob a princíp financovania SPP EÚ. Finančná podpora a ekologizácia poľnohospodárstva. Reformy spoločnej poľnohospodárskej politiky EÚ. | ||
| 610 | 2 | 0 | |a politika poľnohospodárska spoločná |
| 610 | 2 | 0 | |a Európska únia |
| 610 | 2 | 0 | |a financovanie |
| 610 | 2 | 0 | |a dotácie |
| 610 | 2 | 0 | |a reformy |
| 610 | 2 | 0 | |a rozvoj vidieka |
| 610 | 2 | 0 | |a ekológia |
| 100 | 1 | |a Harakaľová, Ľubica, 1963- | |